[Event "ESP-chT CECLUB Div2"]
[Site "Linares"]
[Date "2017.08.09"]
[Round "2.6"]
[White "Suarez Gomez, Julio"]
[Black "Fidalgo Fernandez, Javier"]
[Result "1-0"]
[WhiteElo "2474"]
[BlackElo "2312"]
[PlyCount "89"]
[EventDate "2017.08.08"]
[EventType "team"]
[EventRounds "7"]
[EventCountry "ESP"]
[SourceTitle "CBM 179 Extra"]
[Source "ChessBase"]
[SourceDate "2017.08.23"]
[SourceVersion "1"]
[SourceVersionDate "2017.08.23"]
[SourceQuality "1"]
[WhiteTeam "Sanxenxo Fontecarmoa"]
[BlackTeam "Covadonga Cultura"]
[WhiteTeamCountry "ESP"]
[BlackTeamCountry "ESP"]

1. d4 d5 2. c4 e6 3. Nc3 Nf6 4. cxd5 exd5 5. Bg5 Be7 6. e3 c6 7. Qc2 Nbd7 8. Bd3 Nh5 9. Bxe7 Qxe7 10. Nge2 g6 11. 0-0 0-0 12. Rad1 Ndf6 13. Rfe1 Bg4 14. h3 Bxe2 15. Rxe2 Rfe8 16. Ree1 Ng7 17. f3 Ne6 18. Qf2 c5 19. Bb5 Red8 20. Qh4 a6 21. Bf1 Kg7 22. Ne2 Rac8 23. dxc5 Rxc5 24. Nd4 Ng8 25. Qf2 Rdc8 26. e4 Qf6 27. b4 R5c7 28. Nxe6+ Qxe6 29. Rxd5 Ne7 30. Qd4+ Kh6 31. Qd2+ Kg7 32. Rd6 Qe5 33. f4 Qc3 34. Qxc3+ Rxc3 35. Rd7 R8c7 36. Red1 Rc2 37. a4 Nc8 38. a5 Na7 39. e5 Kf8 40. g4 Ke8 41. Rd8+ Ke7 42. f5 gxf5 43. gxf5 Nc6 44. f6+ Ke6 45. Re8+ 1-0

[Event "Gijon RGCC op 3rd"]
[Site "Gijon"]
[Date "2015.07.16"]
[Round "7"]
[White "Fidalgo Fernandez, Javier"]
[Black "Panelo Munoz, Marcelo A"]
[Result "0-1"]
[WhiteElo "2261"]
[BlackElo "2420"]
[PlyCount "102"]
[EventDate "2015.07.11"]
[EventType "swiss"]
[EventRounds "9"]
[EventCountry "ESP"]
[SourceTitle "EXT 2024"]
[Source "ChessBase"]
[SourceDate "2023.10.10"]
[SourceVersion "1"]
[SourceVersionDate "2023.10.10"]
[SourceQuality "1"]

1. d4 Nf6 2. Nf3 g6 3. g3 b6 4. Bg2 Bb7 5. c4 Bg7 6. Nc3 Ne4 7. Nxe4 Bxe4 8. Be3 d6 9. Qd2 Nd7 10. Bh6 Bxh6 11. Qxh6 e6 12. Qf4 f5 13. h4 Qf6 14. 0-0-0 0-0-0 15. Ne1 e5 16. Qe3 Rhe8 17. f3 exd4 18. Qxd4 Bb7 19. Qxf6 Nxf6 20. Rd2 d5 21. cxd5 Bxd5 22. b3 Nh5 23. Rh3 c5 24. Nd3 Kb7 25. Rc2 Bc6 26. Kd2 f4 27. Kc3 fxg3 28. a4 Re3 29. Kd2 Rde8 30. Nc1 Bd7 31. Rh1 Nf4 32. Rg1 Bf5 33. Rb2 Rxe2+ 34. Nxe2 Rxe2+ 35. Kc3 Nd5+ 36. Kc4 Rxb2 37. Kxd5 Rxb3 38. Bh1 Kc7 39. Rxg3 Rb4 40. a5 Rxh4 41. axb6+ axb6 42. Bg2 Rh5 43. Kc4 Be6+ 44. Kd3 b5 45. f4 Bd5 46. Bh3 Kd6 47. Bg4 Rh4 48. f5 c4+ 49. Kc3 gxf5 50. Bxf5 Kc5 51. Rg7 Rh2 0-1

[Event "Gijon RGCC op 3rd"]
[Site "Gijon"]
[Date "2015.07.14"]
[Round "5"]
[White "Fidalgo Fernandez, Javier"]
[Black "Garcia Martinez, Marcos"]
[Result "1-0"]
[WhiteElo "2261"]
[BlackElo "2044"]
[PlyCount "59"]
[EventDate "2015.07.11"]
[EventType "swiss"]
[EventRounds "9"]
[EventCountry "ESP"]
[SourceTitle "EXT 2024"]
[Source "ChessBase"]
[SourceDate "2023.10.10"]
[SourceVersion "1"]
[SourceVersionDate "2023.10.10"]
[SourceQuality "1"]

1. Nf3 e6 2. g3 b6 3. Bg2 Bb7 4. 0-0 Nf6 5. c4 Be7 6. d4 d6 7. Nc3 Nbd7 8. d5 exd5 9. cxd5 0-0 10. Nd4 Re8 11. e4 Bf8 12. Re1 Ne5 13. f4 c5 14. Ndb5 Ng6 15. a4 Qd7 16. Bd2 Ba6 17. Bf1 Re7 18. h3 Rae8 19. Qf3 Bxb5 20. axb5 h5 21. b3 Qb7 22. Bc4 Qc8 23. Kg2 Qd7 24. Re2 Qc7 25. Rae1 Qb8 26. Bc1 h4 27. g4 Nd7 28. g5 Qc8 29. Kh2 f6 30. Qh5 1-0

[Event "ESP-chT CECLUB Div2"]
[Site "Linares"]
[Date "2014.08.20"]
[Round "4.4"]
[White "Fidalgo Fernandez, Javier"]
[Black "Arias Igual, Alejandro"]
[Result "0-1"]
[WhiteElo "2271"]
[BlackElo "2271"]
[PlyCount "76"]
[EventDate "2014.08.18"]
[EventType "team-swiss"]
[EventRounds "6"]
[EventCountry "ESP"]
[SourceTitle "CBM 162 Extra"]
[Source "ChessBase"]
[SourceDate "2014.10.17"]
[SourceVersion "1"]
[SourceVersionDate "2014.10.17"]
[SourceQuality "1"]
[WhiteTeam "Covadonga Cultura"]
[BlackTeam "Figueras Pacheco"]
[WhiteTeamCountry "ESP"]
[BlackTeamCountry "ESP"]

1. e4 c5 2. c3 d5 3. exd5 Qxd5 4. d4 g6 5. Nf3 Bg7 6. Be2 Nf6 7. dxc5 Qxc5 8. Be3 Qc7 9. Na3 Nc6 10. Qa4 Bd7 11. h3 Nd5 12. Nb5 Qc8 13. Qe4 Nf6 14. Qh4 0-0 15. 0-0 a6 16. Nbd4 Nd5 17. Bh6 Nxd4 18. Nxd4 e5 19. Nf3 Bxh6 20. Qxh6 f6 21. Rfd1 Be6 22. Nd2 Nf4 23. Bf1 Bd5 24. Nb3 Qf5 25. Nc5 Rad8 26. g3 b6 27. Rxd5 Rxd5 28. Bc4 Nxh3+ 29. Kg2 Qxf2+ 30. Kxh3 Qxc5 31. Bb3 Rf7 32. Rf1 a5 33. Qh4 Kg7 34. a4 Rf8 35. Bxd5 Qxd5 36. Qg4 Rd8 37. Qe2 Qd7+ 38. Kh4 g5+ 0-1

[Event "Benidorm op U2300 12th"]
[Site "Benidorm"]
[Date "2013.12.04"]
[Round "7"]
[White "Janev, Pavel"]
[Black "Fidalgo Fernandez, Javier"]
[Result "1/2-1/2"]
[WhiteElo "2202"]
[BlackElo "2264"]
[PlyCount "86"]
[EventDate "2013.11.29"]
[EventType "swiss"]
[EventRounds "10"]
[EventCountry "ESP"]
[SourceTitle "CBM 157 Extra"]
[Source "ChessBase"]
[SourceDate "2013.12.19"]
[SourceVersion "1"]
[SourceVersionDate "2013.12.19"]
[SourceQuality "1"]

1. e4 c5 2. Nf3 Nc6 3. d4 cxd4 4. Nxd4 d5 5. Bb5 dxe4 6. Nxc6 Qxd1+ 7. Kxd1 a6 8. Ba4 Bd7 9. Nc3 Bxc6 10. Bxc6+ bxc6 11. Nxe4 e5 12. Ke2 f5 13. Ng3 g6 14. b3 Nf6 15. Bb2 Kf7 16. Rhd1 Ke6 17. Nf1 Bc5 18. Ne3 Rhd8 19. Nc4 e4 20. Bxf6 Kxf6 21. Na5 Ba3 22. c4 Rac8 23. c5 Rd5 24. f3 exf3+ 25. Kxf3 Bxc5 26. Rac1 Rxd1 27. Rxd1 Bb4 28. Nc4 Ke6 29. a3 Bf8 30. Re1+ Kf6 31. Rc1 c5 32. Rd1 Rb8 33. Rd3 g5 34. g4 fxg4+ 35. Kxg4 Re8 36. Rd7 h5+ 37. Kg3 Re6 38. h3 Be7 39. Kf3 Kg6 40. a4 Bf6 41. Rd5 Be7 42. Rd7 Bf6 43. Rd5 Be7 1/2-1/2

[Event "Benidorm op U2300 12th"]
[Site "Benidorm"]
[Date "2013.11.29"]
[Round "1"]
[White "Mataix Arbona, Cesar"]
[Black "Fidalgo Fernandez, Javier"]
[Result "1/2-1/2"]
[WhiteElo "2082"]
[BlackElo "2264"]
[PlyCount "98"]
[EventDate "2013.11.29"]
[EventType "swiss"]
[EventRounds "10"]
[EventCountry "ESP"]
[SourceTitle "CBM 157 Extra"]
[Source "ChessBase"]
[SourceDate "2013.12.19"]
[SourceVersion "1"]
[SourceVersionDate "2013.12.19"]
[SourceQuality "1"]

1. d4 Nf6 2. Bg5 Ne4 3. Bf4 e6 4. Nd2 d5 5. Ngf3 Bd6 6. Bxd6 cxd6 7. c3 0-0 8. e3 f5 9. Be2 Nd7 10. 0-0 Ndf6 11. Rc1 Bd7 12. c4 Qe7 13. Qb3 Bc6 14. cxd5 Bxd5 15. Bc4 Nxd2 16. Nxd2 Rac8 17. Rc2 Rc7 18. Rfc1 Rfc8 19. Bxd5 Nxd5 20. Rxc7 Rxc7 21. Rxc7 Qxc7 22. Qc4 Qd7 23. e4 Ne7 24. exf5 Nxf5 25. d5 e5 26. Qg4 Qc8 27. Qc4 Qd7 28. Qg4 Qf7 29. Ne4 h6 30. h3 a6 31. Nc3 b5 32. Qb4 Qc7 33. a4 Nd4 34. axb5 axb5 35. Kh2 Qf7 36. Kg1 Qc7 37. Kh2 Qc5 38. Qa5 b4 39. Qxc5 dxc5 40. Ne4 c4 41. Kg1 Ne2+ 42. Kf1 Nf4 43. Nd2 c3 44. bxc3 bxc3 45. Nb3 Nxd5 46. Ke2 Kf7 47. g3 Nb4 48. Nc5 Kf6 49. Ne4+ Ke7 1/2-1/2

[Event "ESP-chT CECLUB Div2"]
[Site "Ciudad Real"]
[Date "2013.08.08"]
[Round "3.4"]
[White "Fidalgo Fernandez, Javier"]
[Black "Rivas Pastor, Manuel"]
[Result "1/2-1/2"]
[WhiteElo "2299"]
[BlackElo "2557"]
[PlyCount "59"]
[EventDate "2013.08.07"]
[EventType "team-swiss"]
[EventRounds "6"]
[EventCountry "ESP"]
[SourceTitle "CBM 155 Extra"]
[Source "ChessBase"]
[SourceDate "2013.08.26"]
[SourceVersion "1"]
[SourceVersionDate "2013.08.26"]
[SourceQuality "1"]
[WhiteTeam "Covadonga Cultura"]
[BlackTeam "Albox Reverte"]
[WhiteTeamCountry "ESP"]
[BlackTeamCountry "ESP"]

1. d4 Nf6 2. Bg5 d5 3. Bxf6 exf6 4. e3 Be6 5. Ne2 Bd6 6. Nbc3 c6 7. Qd3 f5 8. 0-0-0 Nd7 9. f3 Qe7 10. Kb1 0-0-0 11. h3 h5 12. h4 Nf6 13. Nf4 Kb8 14. g3 Bc8 15. Bh3 g6 16. Rde1 Rhe8 17. Nd1 b6 18. Rh2 Bxf4 19. gxf4 c5 20. b3 Qc7 21. Bf1 Re7 22. Qd2 Bb7 23. Rg2 Nd7 24. c3 c4 25. Nb2 b5 26. b4 a5 27. a3 a4 28. Nd1 Nf6 29. Ree2 Rde8 30. Qe1 1/2-1/2

[Event "ESP-chT CECLUB Div2 Gp1"]
[Site "Padron"]
[Date "2012.08.09"]
[Round "2.1"]
[White "Fidalgo Fernandez, Javier"]
[Black "Cramling, Pia"]
[Result "0-1"]
[WhiteElo "2331"]
[BlackElo "2503"]
[PlyCount "78"]
[EventDate "2012.08.08"]
[EventType "team-swiss"]
[EventRounds "6"]
[EventCountry "ESP"]
[SourceTitle "CBM 149 Extra"]
[Source "ChessBase"]
[SourceDate "2012.08.24"]
[SourceVersion "1"]
[SourceVersionDate "2012.08.24"]
[SourceQuality "1"]
[WhiteTeam "Covadonga Cultura"]
[BlackTeam "Bilbao Conteneo"]
[WhiteTeamCountry "ESP"]
[BlackTeamCountry "ESP"]

1. e4 c5 2. Nf3 e6 3. Nc3 a6 4. d4 cxd4 5. Nxd4 Qc7 6. Be2 b5 7. 0-0 Bb7 8. a3 Nf6 9. Bd3 d6 10. Be3 Nbd7 11. Qf3 Ne5 12. Qg3 h5 13. f4 Neg4 14. h3 h4 15. Qf3 Nxe3 16. Qxe3 Be7 17. Rae1 Qc5 18. b4 Qa7 19. e5 dxe5 20. fxe5 Nd5 21. Nxd5 Bxd5 22. Qf4 0-0-0 23. c3 f5 24. exf6 gxf6 25. Kh1 e5 26. Bf5+ Kb8 27. Qh2 Bd6 28. Ne6 Rdg8 29. Re2 Bc4 30. Rfe1 Bxe2 31. Rxe2 Rg3 32. Rd2 Rxc3 33. Rd1 Rhc8 34. Nc5 R8xc5 35. bxc5 Qxc5 36. a4 bxa4 37. g4 Qc6+ 38. Kg1 Bc5+ 39. Kf1 Qf3+ 0-1

[Event "ESP-ch Universities"]
[Site "Madrid"]
[Date "2008.05.10"]
[Round "7"]
[White "Fidalgo Fernandez, Javier"]
[Black "Lara Lopez, Jose"]
[Result "1/2-1/2"]
[WhiteElo "2280"]
[BlackElo "2178"]
[PlyCount "120"]
[EventDate "2008.05.08"]
[EventType "swiss"]
[EventRounds "9"]
[EventCountry "ESP"]
[SourceTitle "CBM 124 Extra"]
[Source "ChessBase"]
[SourceDate "2008.07.03"]
[SourceVersion "1"]
[SourceVersionDate "2008.07.03"]
[SourceQuality "1"]

1. d4 Nf6 2. Nf3 e6 3. e3 c5 4. Bd3 b6 5. 0-0 Bb7 6. c4 Be7 7. Nc3 0-0 8. d5 d6 9. e4 e5 10. a3 Bc8 11. h3 Ne8 12. Qc2 g6 13. Bh6 Ng7 14. Nd2 Bg5 15. Bxg5 Qxg5 16. Kh2 f5 17. exf5 gxf5 18. f4 exf4 19. Nf3 Qf6 20. Ne2 Nh5 21. Qc3 Nd7 22. Qxf6 Rxf6 23. Ne1 f3 24. Nxf3 Ne5 25. Nxe5 dxe5 26. Ng3 Nxg3 27. Kxg3 Bd7 28. Rae1 Re8 29. Rf2 Kf7 30. Bc2 h5 31. Kh4 e4 32. Bd1 Rg8 33. Bxh5+ Ke7 34. g4 Rh6 35. Rf4 Kd6 36. Ref1 Ke5 37. b3 a5 38. a4 Kd4 39. Rg1 Ke3 40. Rgf1 Kd2 41. g5 Rh7 42. Rxf5 Bxf5 43. Rxf5 e3 44. d6 e2 45. Rd5+ Kc3 46. Re5 Rgh8 47. Re3+ Kb4 48. Kg4 Rxh5 49. Rxe2 Rh4+ 50. Kf5 Rd4 51. Re6 Rxh3 52. g6 Rg3 53. Kf6 Kxb3 54. Ke7 Kxa4 55. Ke8 Kb4 56. d7 Rgd3 57. Rxb6+ Kxc4 58. Rb7 Re3+ 59. Kf8 Rf3+ 60. Ke7 Re3+ 1/2-1/2

[Event "ESP-ch Universities"]
[Site "Madrid"]
[Date "2008.05.08"]
[Round "1"]
[White "Marti Mascaro, Juan"]
[Black "Fidalgo Fernandez, Javier"]
[Result "0-1"]
[WhiteElo "2016"]
[BlackElo "2280"]
[PlyCount "68"]
[EventDate "2008.05.08"]
[EventType "swiss"]
[EventRounds "9"]
[EventCountry "ESP"]
[SourceTitle "CBM 124 Extra"]
[Source "ChessBase"]
[SourceDate "2008.07.03"]
[SourceVersion "1"]
[SourceVersionDate "2008.07.03"]
[SourceQuality "1"]

1. e4 c5 2. Nc3 e6 3. Bc4 a6 4. a4 Nc6 5. f4 Nf6 6. e5 d5 7. Ba2 Nd7 8. Nf3 Be7 9. 0-0 0-0 10. Ne2 b5 11. c3 bxa4 12. Bb1 c4 13. Qc2 g6 14. Qxa4 Qb6+ 15. Kh1 Nc5 16. Qd1 Nd3 17. Bxd3 cxd3 18. Ng3 a5 19. Ne1 Ba6 20. Rf3 f6 21. exf6 Rxf6 22. Qa4 Bb5 23. Qd1 Raf8 24. f5 Ne5 25. Re3 Bd6 26. b4 a4 27. Bb2 Nc4 28. Qc1 Nxe3 29. dxe3 e5 30. e4 Bc4 31. exd5 gxf5 32. Qg5+ Rg6 33. Qh4 e4 34. Qh3 Bxg3 0-1

[Event "Benidorm op U2300 06th"]
[Site "Benidorm"]
[Date "2007.12.04"]
[Round "5"]
[White "Fidalgo Fernandez, Javier"]
[Black "Ratushny, Vladimir"]
[Result "1-0"]
[WhiteElo "2225"]
[BlackElo "2281"]
[PlyCount "72"]
[EventDate "2007.11.30"]
[EventType "swiss"]
[EventRounds "9"]
[EventCountry "ESP"]
[SourceTitle "CBM 121 Extra"]
[Source "ChessBase"]
[SourceDate "2008.01.10"]
[SourceVersion "1"]
[SourceVersionDate "2008.01.10"]
[SourceQuality "1"]

1. e4 c5 2. c3 Nf6 3. e5 Nd5 4. Nf3 Nc6 5. Bc4 Nb6 6. Bb3 d5 7. exd6 Qxd6 8. 0-0 c4 9. Bc2 Bg4 10. h3 Bh5 11. Qe2 Bg6 12. Bxg6 hxg6 13. Na3 Qd5 14. b3 cxb3 15. axb3 Rh5 16. c4 Nd4 17. Nxd4 Qxd4 18. Nc2 Qe5 19. Qf3 Qc7 20. d4 e6 21. Bf4 Qd7 22. Rfe1 Be7 23. d5 exd5 24. c5 Nc8 25. g4 Rh8 26. Rad1 Kf8 27. Rxd5 Qb5 28. Nd4 Qa5 29. Bd2 Qa6 30. c6 bxc6 31. Rd7 Bf6 32. g5 Nb6 33. Rc7 Rc8 34. Qxc6 Bxd4 35. Bb4+ Kg8 36. Rxc8+ Nxc8 1-0

[Event "Trevias San Miguel op"]
[Site "Trevias"]
[Date "2007.09.18"]
[Round "2.3"]
[White "Fidalgo Fernandez, Javier"]
[Black "Martinez Rodriguez, Pablo"]
[Result "1/2-1/2"]
[WhiteElo "2208"]
[BlackElo "2304"]
[PlyCount "73"]
[EventDate "2007.09.17"]
[EventType "swiss"]
[EventRounds "7"]
[EventCountry "ESP"]
[SourceTitle "EXT 2024"]
[Source "ChessBase"]
[SourceDate "2023.10.10"]
[SourceVersion "1"]
[SourceVersionDate "2023.10.10"]
[SourceQuality "1"]

1. d4 d5 2. Nf3 Nf6 3. c4 e6 4. Nc3 Bb4 5. Qa4+ Nc6 6. e3 Bd7 7. Qc2 0-0 8. Bd2 a5 9. Be2 dxc4 10. Bxc4 Bd6 11. a3 e5 12. d5 Ne7 13. e4 Nh5 14. Be2 g6 15. Nb5 f5 16. Ng5 Ng7 17. Rc1 fxe4 18. Nxe4 Ngf5 19. Nxc7 Nd4 20. Qc3 Nxe2 21. Kxe2 Bxc7 22. Qxc7 Bb5+ 23. Ke1 Qxd5 24. f3 Qd3 25. Ng3 Nf5 26. Rc3 Qb1+ 27. Bc1 Rac8 28. Qxc8 Rxc8 29. Rxc8+ Kf7 30. Rc7+ Ke6 31. Ne4 Bc6 32. Kf2 Bxe4 33. fxe4 Qxe4 34. Rc3 Nd4 35. Re1 Qh4+ 36. Kf1 Kd5 37. h3 1/2-1/2

[Event "Trevias San Miguel op"]
[Site "Trevias"]
[Date "2007.09.17"]
[Round "1.2"]
[White "Menendez Rey, Francisco Javier"]
[Black "Fidalgo Fernandez, Javier"]
[Result "0-1"]
[WhiteElo "2251"]
[BlackElo "2208"]
[PlyCount "112"]
[EventDate "2007.09.17"]
[EventType "swiss"]
[EventRounds "7"]
[EventCountry "ESP"]
[SourceTitle "EXT 2024"]
[Source "ChessBase"]
[SourceDate "2023.10.10"]
[SourceVersion "1"]
[SourceVersionDate "2023.10.10"]
[SourceQuality "1"]

1. d4 Nf6 2. Nc3 d5 3. Bg5 g6 4. Qd2 h6 5. Bf4 Bg7 6. 0-0-0 c6 7. f3 b5 8. e3 b4 9. Na4 a5 10. Bd3 Nbd7 11. g4 Nb6 12. Nc5 Nfd7 13. Nxd7 Qxd7 14. Qe2 Na4 15. Kb1 Qb7 16. Ka1 c5 17. Bb5+ Bd7 18. Bxd7+ Qxd7 19. Be5 f6 20. Bg3 c4 21. Rb1 c3 22. Qd3 cxb2+ 23. Rxb2 Nxb2 24. Qxg6+ Kf8 25. Kxb2 Qe8 26. Qxe8+ Kxe8 27. f4 h5 28. gxh5 Rxh5 29. Nf3 Rc8 30. Re1 Rc3 31. Re2 Rh3 32. Ng1 Rh8 33. Be1 Rc6 34. Nf3 Kf7 35. Rg2 Rh3 36. Bg3 Rc3 37. Re2 a4 38. Ng1 a3+ 39. Kb1 Rh8 40. Be1 Rc6 41. Nf3 Rhc8 42. Bg3 e6 43. Ne1 Bf8 44. Nd3 Be7 45. Rg2 Rg8 46. Rf2 Bd6 47. Ne5+ Bxe5 48. fxe5 f5 49. Re2 Kg6 50. Kc1 Kh5 51. Kb1 Kg4 52. Re1 Kf3 53. Bf4 Rg2 54. Rc1 Kg4 55. Bh6 Rxh2 56. Bf8 Rc4 0-1

[Event "ESP-chT CECLUB Norte Div 1"]
[Site "Sabadell"]
[Date "2007.08.18"]
[Round "5"]
[White "Fidalgo Fernandez, Javier"]
[Black "Almeida Toledano, Daniel"]
[Result "1/2-1/2"]
[WhiteElo "2208"]
[BlackElo "2254"]
[PlyCount "48"]
[EventDate "2007.08.15"]
[EventType "team"]
[EventRounds "6"]
[EventCountry "ESP"]
[SourceTitle "CBM 119 Extra"]
[Source "ChessBase"]
[SourceDate "2007.09.04"]
[SourceVersion "1"]
[SourceVersionDate "2007.09.04"]
[SourceQuality "1"]

1. d4 d5 2. Nf3 Nf6 3. c4 c6 4. cxd5 cxd5 5. Nc3 Nc6 6. Bf4 Bf5 7. Qb3 Na5 8. Qa4+ Bd7 9. Qc2 Rc8 10. Nd2 e6 11. a3 Be7 12. e3 0-0 13. Bd3 b5 14. 0-0 Qb6 15. Rfc1 Nc4 16. Nb3 a5 17. Bg5 h6 18. Bxf6 Bxf6 19. Nc5 Bc6 20. b3 Nd6 21. f4 b4 22. axb4 Qxb4 23. Ne2 Qb6 24. Qd2 Ra8 1/2-1/2

[Event "ESP-chT Autonomicas"]
[Site "Padron"]
[Date "2006.10.07"]
[Round "5.5"]
[White "Devesa Raris, Lorena"]
[Black "Fidalgo Fernandez, Javier"]
[Result "0-1"]
[WhiteElo "1756"]
[BlackElo "2243"]
[PlyCount "58"]
[EventDate "2006.10.05"]
[EventType "team-swiss"]
[EventRounds "6"]
[EventCountry "ESP"]
[SourceTitle "EXT 2018"]
[Source "ChessBase"]
[SourceDate "2017.10.13"]
[SourceVersion "1"]
[SourceVersionDate "2017.10.13"]
[SourceQuality "1"]
[WhiteTeam "Galicia III"]
[BlackTeam "Asturias"]
[WhiteTeamCountry "ESP"]
[BlackTeamCountry "ESP"]

1. e4 c5 2. Nc3 e6 3. d3 Nc6 4. g3 Nge7 5. Bg2 d5 6. f4 d4 7. Nce2 e5 8. fxe5 Nxe5 9. Nf4 N7c6 10. Nf3 Bd6 11. 0-0 Bg4 12. Nd5 0-0 13. Qe1 Qd7 14. Nh4 Rae8 15. Nf5 Bxf5 16. Rxf5 Qxf5 17. exf5 Nf3+ 18. Bxf3 Rxe1+ 19. Kf2 Ree8 20. f6 Re6 21. fxg7 Kxg7 22. Be4 f5 23. Bf3 Ne7 24. Nf4 Bxf4 25. Bxf4 b6 26. a4 Ng6 27. Bd2 Ne5 28. Bg2 Ng4+ 29. Kg1 Re2 0-1

[Event "ESP-chT Autonomicas"]
[Site "Padron"]
[Date "2006.10.07"]
[Round "4.3"]
[White "Pons Carreras, David"]
[Black "Fidalgo Fernandez, Javier"]
[Result "1/2-1/2"]
[WhiteElo "2272"]
[BlackElo "2243"]
[PlyCount "54"]
[EventDate "2006.10.05"]
[EventType "team-swiss"]
[EventRounds "6"]
[EventCountry "ESP"]
[SourceTitle "EXT 2018"]
[Source "ChessBase"]
[SourceDate "2017.10.13"]
[SourceVersion "1"]
[SourceVersionDate "2017.10.13"]
[SourceQuality "1"]
[WhiteTeam "Baleares"]
[BlackTeam "Asturias"]
[WhiteTeamCountry "ESP"]
[BlackTeamCountry "ESP"]

1. Nf3 d5 2. c4 c6 3. e3 Nf6 4. Nc3 e6 5. d4 Nbd7 6. Bd3 a6 7. e4 dxe4 8. Nxe4 Nxe4 9. Bxe4 Nf6 10. Bc2 c5 11. 0-0 cxd4 12. Bg5 Be7 13. Qd3 Qc7 14. Qxd4 Bd7 15. Bf4 Qc5 16. Qxc5 Bxc5 17. Ne5 Ke7 18. Nxd7 Nxd7 19. Rad1 f6 20. Rfe1 e5 21. Bf5 Rad8 22. Be3 Bxe3 23. fxe3 g6 24. Bxd7 Rxd7 25. Rxd7+ Kxd7 26. Rd1+ Ke6 27. Rd2 Rc8 1/2-1/2

[Event "EU-ch U18"]
[Site "Herceg Novi"]
[Date "2006.09.12"]
[Round "3"]
[White "Fidalgo Fernandez, Javier"]
[Black "Wagner, Steven"]
[Result "1-0"]
[WhiteElo "2225"]
[BlackElo "2068"]
[PlyCount "67"]
[EventDate "2006.09.10"]
[EventType "swiss"]
[EventRounds "9"]
[EventCountry "MNE"]
[SourceTitle "CBM 114 Extra"]
[Source "ChessBase"]
[SourceDate "2006.11.03"]
[SourceVersion "1"]
[SourceVersionDate "2006.11.03"]
[SourceQuality "1"]

1. e4 c5 2. c3 Nc6 3. Nf3 e5 4. Bc4 Nf6 5. Ng5 d5 6. exd5 Na5 7. Bb5+ Bd7 8. Qa4 Bd6 9. Bxd7+ Nxd7 10. Ne4 Bf8 11. 0-0 b6 12. d3 f5 13. Ng5 Bd6 14. Ne6 Qe7 15. Na3 a6 16. Bg5 Qf7 17. Nc4 Nxc4 18. dxc4 Rc8 19. Qxa6 Rb8 20. Qa4 Rc8 21. Rae1 h6 22. Bf4 Qf6 23. Bxe5 Bxe5 24. f4 g6 25. Rxe5 Rh7 26. Nxc5+ Kd8 27. Nxd7 Rxd7 28. Rfe1 Qf8 29. b3 g5 30. Qb4 Kc7 31. Re7 gxf4 32. d6+ Kc6 33. Qb5+ Kb7 34. Qxd7+ 1-0

[Event "Lorca Narciso Yepes op"]
[Site "Lorca"]
[Date "2006.??.??"]
[Round "?"]
[White "Pogorelov, Ruslan"]
[Black "Fidalgo Fernandez, Javier"]
[Result "1/2-1/2"]
[WhiteElo "2385"]
[BlackElo "2222"]
[PlyCount "116"]
[EventDate "2006.06.25"]
[EventType "swiss"]
[EventRounds "9"]
[EventCountry "ESP"]
[SourceTitle "CBM 113 Extra"]
[Source "ChessBase"]
[SourceDate "2006.09.14"]
[SourceVersion "1"]
[SourceVersionDate "2006.09.14"]
[SourceQuality "1"]

1. Nf3 Nf6 2. c4 c6 3. Nc3 d5 4. d4 dxc4 5. a4 Bf5 6. Ne5 Nbd7 7. Nxc4 Qc7 8. g3 e5 9. dxe5 Nxe5 10. Bf4 Nfd7 11. Bg2 g5 12. Ne3 gxf4 13. Nxf5 0-0-0 14. Qc2 Kb8 15. gxf4 Nc4 16. Rd1 Qxf4 17. Rd4 Qg5 18. Bxc6 bxc6 19. Rxc4 Bc5 20. Ne4 Qg2 21. Rf1 Bb6 22. a5 Bxa5+ 23. b4 Bb6 24. Ned6 Nf6 25. h3 Qxh3 26. Rc3 Qg4 27. Qa4 Rd7 28. Rxc6 Rhd8 29. Rc4 Qh3 30. Qc6 Rc7 31. Qb5 Qb3 32. e3 Rxc4 33. Qxc4 Qxc4 34. Nxc4 Rd5 35. Nh6 Rb5 36. Nxb6 Rxb6 37. Nxf7 Rxb4 38. Ke2 Ne4 39. Kd3 a5 40. Ne5 Nc5+ 41. Kc2 Kc7 42. Rh1 Kd6 43. Nf7+ Kd5 44. Rh5+ Kc6 45. Rxh7 a4 46. Rh6+ Kd5 47. Rh5+ Kc6 48. Rh6+ Kd5 49. Rd6+ Ke4 50. Ng5+ Ke5 51. Rd8 a3 52. f4+ Kf6 53. Rd6+ Ke7 54. Rd1 Rb2+ 55. Kc3 Re2 56. Kb4 Ne6 57. Nxe6 Kxe6 58. Kxa3 Rxe3+ 1/2-1/2

[Event "ESP-ch U18"]
[Site "Mondariz"]
[Date "2005.10.02"]
[Round "8"]
[White "Garrido Dominguez, Jesus"]
[Black "Fidalgo Fernandez, Javier"]
[Result "1-0"]
[WhiteElo "2273"]
[BlackElo "2166"]
[PlyCount "89"]
[EventDate "2005.09.27"]
[EventType "swiss"]
[EventRounds "9"]
[EventCountry "ESP"]
[SourceTitle "CBM 108 Extra"]
[Source "ChessBase"]
[SourceDate "2005.11.04"]
[SourceVersion "1"]
[SourceVersionDate "2005.11.04"]
[SourceQuality "1"]

1. e4 c5 2. Nf3 e6 3. d4 cxd4 4. Nxd4 Nc6 5. Nc3 Qc7 6. Be3 a6 7. Bd3 b5 8. Nxc6 Qxc6 9. 0-0 Bb7 10. Kh1 Nf6 11. f3 Bc5 12. Qe1 d6 13. a4 b4 14. Na2 Bxe3 15. Qxe3 Qc5 16. Qd2 a5 17. Bb5+ Ke7 18. c3 bxc3 19. Nxc3 Rhd8 20. Rac1 Qb6 21. Ne2 Rac8 22. Nd4 Rc5 23. Nb3 Rxc1 24. Rxc1 Ra8 25. e5 dxe5 26. Nxa5 Qxa5 27. Qxa5 Rxa5 28. Rc7+ Kf8 29. Rxb7 Nd5 30. Kg1 Ra8 31. g3 g5 32. Kf2 h5 33. b3 g4 34. Be2 f5 35. Bc4 gxf3 36. Kxf3 e4+ 37. Kf2 Ra5 38. h4 Nc3 39. Bxe6 e3+ 40. Kxe3 Re5+ 41. Kd4 Rxe6 42. Kxc3 Re3+ 43. Kd4 Rxg3 44. a5 Rg6 45. Ke5 1-0

[Event "ESP-ch U18"]
[Site "Mondariz"]
[Date "2005.09.29"]
[Round "5"]
[White "Fidalgo Fernandez, Javier"]
[Black "Iza Abete, Amaia"]
[Result "1-0"]
[WhiteElo "2166"]
[BlackElo "1992"]
[PlyCount "110"]
[EventDate "2005.09.27"]
[EventType "swiss"]
[EventRounds "9"]
[EventCountry "ESP"]
[SourceTitle "CBM 108 Extra"]
[Source "ChessBase"]
[SourceDate "2005.11.04"]
[SourceVersion "1"]
[SourceVersionDate "2005.11.04"]
[SourceQuality "1"]

1. e4 e5 2. Nf3 Nc6 3. Bb5 a6 4. Ba4 Nf6 5. 0-0 Bc5 6. c3 b5 7. Bc2 d6 8. d4 Bb6 9. a4 Bg4 10. h3 Bh5 11. d5 Ne7 12. Bg5 Nd7 13. Na3 Rb8 14. axb5 axb5 15. Bxe7 Qxe7 16. b4 Qf6 17. g4 Bg6 18. Kg2 Qe7 19. Qd2 Nf6 20. Rfe1 0-0 21. Qe2 h5 22. Nh2 hxg4 23. hxg4 c6 24. dxc6 Qc7 25. Nxb5 Qxc6 26. c4 d5 27. cxd5 Nxd5 28. exd5 Qxd5+ 29. Be4 Bxe4+ 30. Qxe4 Qxb5 31. Nf3 Bd4 32. Rh1 f5 33. gxf5 Bxa1 34. Rxa1 Rf7 35. Rb1 Re8 36. Re1 Qb7 37. Qc4 e4 38. Ng5 Kf8 39. Qxf7+ Qxf7 40. Nxf7 Kxf7 41. Kg3 Kf6 42. Kf4 Re5 43. Rxe4 Rxf5+ 44. Ke3 g5 45. Rc4 Rb5 46. Kd4 Rf5 47. Rc2 Ke6 48. Kc4 Kd7 49. Kb3 Rd5 50. Ka4 Rd1 51. Ka5 Rd5+ 52. b5 Rd6 53. b6 Rd1 54. Ka6 Ra1+ 55. Kb7 Ke8 1-0